|
|
|
|
| LEADER |
00000nam0a2200000 4500 |
| 001 |
130957 |
| 005 |
20231101220256.0 |
| 010 |
|
|
|a 9785769542565
|
| 035 |
|
|
|a (RuTPU)RU\TPU\book\141834
|
| 090 |
|
|
|a 130957
|
| 100 |
|
|
|a 20080211d2008 m y0rusy50 ca
|
| 101 |
0 |
|
|a rus
|
| 102 |
|
|
|a RU
|
| 105 |
|
|
|a a j 001zy
|
| 200 |
1 |
|
|a Технология конструкционных материалов. Обработка резанием
|e учебное пособие
|f А. А. Черепахин, В. А. Кузнецов
|
| 210 |
|
|
|a Москва
|c Академия
|d 2008
|
| 215 |
|
|
|a 288 с.
|c ил.
|
| 225 |
1 |
|
|a Высшее профессиональное образование. Машиностроение
|
| 320 |
|
|
|a Список литературы: с. 283.
|
| 330 |
|
|
|a Рассмотрены современные металлические и неметаллические конструкционные материалы, способы формообразования резанием цилиндрических, плоских и фасонных поверхностей, особенности процесса резания труднообрабатываемых конструкционных материалов. При рассмотрении каждого способа обработки приведены описание основных схем, технологические особенности и возможности, технологические требования, предъявляемые к заготовкам. Даны практические рекомендации по выбору способа и режима обработки. Особое внимание уделено правилам безопасности при работе на металлорежущих станках. Для студентов высших учебных заведений.
|
| 606 |
1 |
|
|a Конструкционные металлы
|x Технология
|2 stltpush
|3 (RuTPU)RU\TPU\subj\58933
|9 76615
|
| 606 |
1 |
|
|a Резание металлов
|x Теория
|2 stltpush
|3 (RuTPU)RU\TPU\subj\24537
|9 48865
|
| 610 |
1 |
|
|a конструкционные материалы
|
| 610 |
1 |
|
|a формообразование
|
| 610 |
1 |
|
|a процессы
|
| 610 |
1 |
|
|a физико-химические основы
|
| 610 |
1 |
|
|a металлорежущие станки
|
| 610 |
1 |
|
|a точение
|
| 610 |
1 |
|
|a строгание
|
| 610 |
1 |
|
|a долбление
|
| 610 |
1 |
|
|a протягивание
|
| 610 |
1 |
|
|a сверлильные станки
|
| 610 |
1 |
|
|a заготовки
|
| 610 |
1 |
|
|a обработка
|
| 610 |
1 |
|
|a фрезерование
|
| 610 |
1 |
|
|a расточные станки
|
| 610 |
1 |
|
|a шлифование
|
| 610 |
1 |
|
|a резьба
|
| 610 |
1 |
|
|a нарезание
|
| 610 |
1 |
|
|a зубчатые колеса
|
| 610 |
1 |
|
|a шлицевые валы
|
| 610 |
1 |
|
|a поверхности
|
| 610 |
1 |
|
|a финишная обработка
|
| 610 |
1 |
|
|a труднообрабатываемые материалы
|
| 610 |
1 |
|
|a обработка резанием
|
| 610 |
1 |
|
|a учебные пособия
|
| 675 |
|
|
|a 669.018.29(075.8)
|v 3
|
| 675 |
|
|
|a 621.91.01(075.8)
|v 3
|
| 700 |
|
1 |
|a Черепахин
|b А. А.
|g Александр Александрович
|
| 701 |
|
1 |
|a Кузнецов
|b В. А.
|g Владимир Анатольевич
|
| 801 |
|
1 |
|a RU
|b 63413507
|c 20080211
|g PSBO
|
| 801 |
|
2 |
|a RU
|b 63413507
|c 20151009
|g PSBO
|
| 900 |
|
|
|a Технология конструкционных материалов
|
| 900 |
|
|
|a Технология конструкционных материалов
|
| 900 |
|
|
|a Резание материалов и режущий инструмент
|
| 900 |
|
|
|a Резание металлов и режущий инструмент
|
| 900 |
|
|
|a Технологические процессы сварки и резки
|
| 942 |
|
|
|c BK
|
| 951 |
|
|
|b 150900
|b 151000
|b 220300
|
| 959 |
|
|
|a 12/20080201
|d 5
|e 0
|f ЧЗТЛ:1
|f АНЛ:1
|f УФ:3
|
| 959 |
|
|
|a 79/20080910
|d 5
|e 0
|f АНЛ:1
|f ЧЗТЛ:1
|f УФ:3
|